| 000 | 00658nam a22002177a 4500 | ||
|---|---|---|---|
| 005 | 20240530110628.0 | ||
| 008 | 161221s2006 ua o g | 001 0 eng d | ||
| 020 | _a9789774249136 | ||
| 040 | _aEG-CaGPL | ||
| 082 | 0 | 4 |
_221 _a910.202 _bCC/R T |
| 100 | 1 | _aLuce, Aralodo De | |
| 245 | 1 | 4 |
_aThe treasures of the monastery of Saint Catherine \ _cAraldo de Luce; text by Corinna Rossi |
| 260 |
_aCairo : _bThe American University in Cairo Press, _c2006 |
||
| 300 |
_a208 pages : _bphotos ; _c30cm. |
||
| 650 | 0 |
_aSAINT CATHERINE _xhistory |
|
| 650 | 0 | _aMOUNT SINAI | |
| 651 | 0 | _aEGYPT | |
| 651 | 0 | _aSINAI | |
| 700 | 1 |
_aRossi, Corinna _etext |
|
| 942 |
_2ddc _cBK |
||
| 999 |
_c63204 _d63204 |
||